साबरमती के संत महात्मा गाँधी / (Record no. 13023)

MARC details
000 -LEADER
fixed length control field 02959 a2200301 4500
008 - FIXED-LENGTH DATA ELEMENTS--GENERAL INFORMATION
fixed length control field 090429t xxu||||| |||| 00| 0 hin d
010 ## - LCCN (DPL NO)
LC control number B-293250-254 B-356879
020 ## - INTERNATIONAL STANDARD BOOK NUMBER
Terms of availability 250.00
International Standard Book Number 9788188536269
035 ## - SYSTEM CONTROL NUMBER
System control number B-293250-254
035 ## - SYSTEM CONTROL NUMBER
System control number B-356879
037 ## - SOURCE OF ACQUISITION
Source of stock number/acquisition गुरूकुल विद्यापीठ प्रकाशन
040 ## - CATALOGING SOURCE
Original cataloging agency dpl
Language of cataloging hn
082 ## - DEWEY DECIMAL CLASSIFICATION NUMBER
Classification number 301.153
100 ## - MAIN ENTRY--PERSONAL NAME
Personal name दत्त, उषा
245 ## - TITLE STATEMENT
Title साबरमती के संत महात्मा गाँधी /
Statement of responsibility, etc उषा दत्त
260 ## - PUBLICATION, DISTRIBUTION, ETC. (IMPRINT)
Place of publication, distribution, etc दिल्ली
Name of publisher, distributor, etc गुरूकुल विद्यापीठ प्रकाशन
Date of publication, distribution, etc 2008
270 ## - ADDRESS
Address सी-9/96, यमुना विहार
City दिल्ली
Postal code 110053
300 ## - PHYSICAL DESCRIPTION
Extent 208पृ
Dimensions 22 सेमी (सजिल्द)
942 ## - ADDED ENTRY ELEMENTS (KOHA)
Institution code [OBSOLETE] dpl
Item type Hindi Books
Call number prefix / दत्तउ
Source of classification or shelving scheme Dewey Decimal Classification
Call number suffix गाँधीमो
Classification part 301.153
Holdings
Withdrawn status Lost status Source of classification or shelving scheme Damaged status Not for loan Collection code Home library Current library Date acquired Source of acquisition Cost, normal purchase price Total Checkouts Full call number Barcode Date last seen Copy number Cost, replacement price Koha item type Total Renewals
    Dewey Decimal Classification     Non-fiction Central Library Central Library 04/05/2009 गुरूकुल विद्यापीठ प्रकाशन/305/16.9.08/264/4.9.08/20.9.08 250.00 1 301.153 गाँधीमो B-293250 13/08/2019 1 250.00 Hindi Books  
    Dewey Decimal Classification     Non-fiction Janak Puri Janak Puri 09/09/2009   250.00 15 301.153 गाँधीमो B-356879 27/06/2018 1 250.00 Hindi Books 2
    Dewey Decimal Classification     Non-fiction Karol Bagh Karol Bagh 04/05/2009 गुरूकुल विद्यापीठ प्रकाशन/305/16.9.08/264/4.9.08/20.9.08 250.00   301.153 गाँधीमो B-293253 04/05/2009 1 250.00 Hindi Books  
    Dewey Decimal Classification     Non-fiction Patel Nagar Patel Nagar 04/05/2009 गुरूकुल विद्यापीठ प्रकाशन/305/16.9.08/264/4.9.08/20.9.08 250.00   301.153 गाँधीमो B-293251 04/05/2009 1 250.00 Hindi Books  
    Dewey Decimal Classification     Non-fiction Sarojini Nagar Sarojini Nagar 04/05/2009 गुरूकुल विद्यापीठ प्रकाशन/305/16.9.08/264/4.9.08/20.9.08 250.00   301.153 गाँधीमो B-293252 04/05/2009 1 250.00 Hindi Books  
    Dewey Decimal Classification     Non-fiction Shahdara Branch Shahdara Branch 04/05/2009 गुरूकुल विद्यापीठ प्रकाशन/305/16.9.08/264/4.9.08/20.9.08 250.00   301.153 गाँधीमो B-293254 04/05/2009 1 250.00 Hindi Books  

© Delhi Public Library
Hit Counter
free hit counter